Statistics for Total Drama World Tour Character Quiz

Click here to take the quiz!

General Stats

  • This quiz has been taken 177 times
  • The average score is 17 of 18

Answer Stats

ContestantPlacement% Correct
Heather2nd / 1st Place
97%
Duncan5th Place
96%
Ezekiel18th Place
96%
Alejandro2nd / 1st Place
94%
Courtney7th / 6th Place
94%
Harold17th Place
94%
Bridgette16th Place
93%
Cody3rd Place
93%
Gwen9th Place
93%
Leshawna15th Place
93%
Sierra4th Place
93%
Lindsay14th Place
91%
Owen8th Place
91%
DJ12th Place
90%
Noah11th Place
90%
Tyler10th Place
90%
Izzy13th Place
89%
Blaineley7th / 6th Place
77%

Score Distribution

Percentile by Number Answered

Percent of People with Each Score

Your Score History

You have not taken this quiz